| 000 | 00683nam a22002297a 4500 | ||
|---|---|---|---|
| 003 | OSt | ||
| 005 | 20251127160326.0 | ||
| 008 | 251127b |||||||| |||| 00| 0 eng d | ||
| 020 | _a978-7-4777-7842-5 | ||
| 040 |
_aDWCL - Main Library _cOC |
||
| 082 | _aGR. 333.79 H945w 2015 | ||
| 100 | _aHunter, Nick | ||
| 245 |
_aWorld in crisis : _bthe rare to find energy / _cNick Hunter |
||
| 260 |
_aNew York : _bThe Rosen Publishing Group, Inc., _cc2015. |
||
| 300 |
_a48 pages : _bcolored illustration ; _c26 cm. |
||
| 504 | _a1. Includes glossary | ||
| 504 | _a2. bibliographical references | ||
| 504 | _a3. index | ||
| 505 | _a | ||
| 650 | _aI. Energy | ||
| 942 |
_2ddc _cGR _mGR. _n0 |
||
| 999 |
_c6506 _d6506 |
||